Joueuse de Football 1 - Statistiques

Statistiques générales
  • Ce quiz a été pris 46 fois
  • Le résultat moyen est 9 sur 20
Statistiques - réponses
Par images Réponse % Correct
Aitana Bonmati
90%
Marta
88%
Sakina Karchaoui
88%
Kadidiatou Diani
73%
Lauren James
73%
Ada Hegerberg
68%
Christiane Endler
49%
Sophia Smith
49%
Trinity Rodman
46%
Leah Williamson
41%
Linda Caicedo
41%
Khadija Shaw
39%
Pernille Harder
37%
Ewa Pajor
34%
Giulia Gwinn
34%
Alice Sombath
29%
Kerolin
20%
Klara Bühl
20%
Alyssa Thompson
12%
Tarciane
12%
Aucun quiz correspondant
Distribution des résultats
% des personnes avec chaque résultat
Percentile par nombre de réponses
Votre historique - résultats
Vous n’avez pas pris ce quiz